000 00378nam a2200145Ia 4500
008 100122s9999 xx 000 0 und d
082 _b62875
_a821
100 _aफुटाणे रामदास
245 _aकॉलटेल
260 _bऔदुंबर
_c2002
300 _a123
630 _aकॉलटेल
730 _aकॉलटेल
942 _cBOOK
999 _c437146
_d437143